Statistics for Pokemon Colosseum Pokemon Quiz

Click here to take the quiz!

General Stats

  • This quiz has been taken 24 times
  • The average score is 34 of 54

Answer Stats

HintAnswer% Correct
FireEntei
94%
PsychicEspeon
94%
Water/GrouindQuagsire
94%
ElectricRaikou
94%
DarkUmbreon
94%
Ground/IcePiloswine
88%
GrassBayleef
82%
WaterCroconaw
82%
GhostMisdreavus
82%
FireQuilava
82%
Steel/FlyingSkarmory
82%
Dark/IceSneasel
82%
Ice/FlyingDelibird
76%
Bug/FightingHeracross
76%
Dark/FireHoundoom
76%
Steel/PsychicMetagross
76%
Dark/RockTyranitar
76%
ElectricFlaaffy
71%
Bug/SteelForretress
71%
FightingMakuhita
71%
Fighting/PsychicMeditite
71%
Dark/FlyingMurkrow
71%
Normal/FlyingNoctowl
71%
FireSlugma
71%
Grass/FlyingTropius
71%
Bug/FlyingYanma
71%
Grass/PsychicCelebi
65%
Fire/FlyingHo-oh
65%
Bug/RockShuckle
65%
Grass/FlyingSkiploom
65%
Ground/DragonVibrava
65%
Bug/PoisonAriados
59%
NormalFurret
59%
Ground/FlyingGligar
59%
Steel/PsychicJirachi
59%
Bug/FlyingLedian
59%
Water/FlyingMantine
59%
Water/PoisonQwilfish
59%
NormalDunsparce
53%
FightingHitmontop
53%
WaterRemoraid
47%
NormalStantler
47%
Normal/FlyingTogetic
47%
NormalUrsaring
47%
ElectricPlusle
41%
DarkAbsol
35%
NormalMiltank
35%
NormalSmeargle
35%
RockSudowoodo
35%
Normal/FlyingSwablu
35%
NormalAipom
29%
NormalGranbull
24%
GrassSunflora
24%
WaterSuicune
12%

Score Distribution

Percentile by Number Answered

Percent of People with Each Score

Your Score History

You have not taken this quiz